| 000 | 00648nam a22001937a 4500 | ||
|---|---|---|---|
| 005 | 20100731150450.0 | ||
| 010 | _aENG-97533 | ||
| 020 |
_a9788176503396 _c195.00 |
||
| 035 | _aEN-81066 | ||
| 037 | _bDBAD/PUB | ||
| 082 | _a843 | ||
| 245 |
_aDiwan-E-Ghalib : _bselection / _ctranslated by Khwaja Tariq Mahmood |
||
| 260 |
_aNew Delhi _bStar Publications _c2008 |
||
| 270 |
_a4/5, Asaf Ali Road _bNew Delhi _e110002 |
||
| 300 |
_a143p. _c21cm (pbk) |
||
| 700 |
_aMahmood, Khwaja Tariq _93513 |
||
| 942 |
_2ddc _cEN _h843 _mDIW |
||
| 999 |
_c38445 _d38445 |
||